Staré košické cintoríny, kostolné krypty a náhrobníky. Časť tretia. Preložila Alžbeta Duchoňová

Bibliographic Details
Main Author: Wick, Vojtech, 1873-1955 (Author)
Corporate Authors: cintorín sv. Michala (Author), cintorín sv. Jána Nepomuckého (Author)
Format: Article
Language:Slovak
PhysicalDescription:4 obr.
Subjects:

MARC

LEADER 00000nab a2200000 a 4500
001 vtls000900236
003 SK-MaSNL
005 20260302175054.0
008 040720e19990326xo 0 slo
035 |a KE9238 
040 |a KEVKJB  |b slo  |c KEVKJB  |e AACR2 
041 0 |a slo 
044 |a xo  |c SK 
080 |a 726.8  |2 1981 
100 1 |a Wick, Vojtech,  |d 1873-1955  |4 aut  |9 196998 
245 1 0 |a Staré košické cintoríny, kostolné krypty a náhrobníky. Časť tretia. Preložila Alžbeta Duchoňová 
300 |b 4 obr. 
610 2 7 |a cintorín sv. Michala  |2 KEVKJB  |9 885954 
610 2 7 |a cintorín sv. Jána Nepomuckého  |2 KEVKJB  |9 885955 
650 0 7 |a krypty  |2 KEVKJB  |9 30056 
650 0 7 |a náhrobné kamene  |2 KEVKJB  |9 50274 
650 0 7 |a kameme náhrobné  |2 KEVKJB  |9 885956 
651 7 |a Košice (Slovensko)  |2 KEVKJB  |9 18694 
651 7 |a KE,  |2 KEVKJB  |9 877256 
655 7 |a periodikum  |2 snkbucl  |9 29553 
655 7 |a štúdie  |2 KEVKJB  |9 57033 
710 2 |a cintorín sv. Michala  |4 aut  |9 885954 
710 2 |a cintorín sv. Jána Nepomuckého  |4 aut  |9 885955 
773 0 8 |t Košický večer  |g Roč. 10  |g Roč. 31, 26.3.1999, s. 4 
773 0 8 |i Príl.:  |t Magazín. - Roč. 4, č. 12 (1999) 
852 |a ZVYKNI  |b KIS3GCP 
999 |c 1405913  |d 1407843